Abrir la esecuela (Record no. 59281)
[ view plain ]
| 000 -CABECERA | |
|---|---|
| campo de control de longitud fija | 00568nam a2200205 a 4500 |
| 003 - IDENTIFICADOR DEL NÚMERO DE CONTROL | |
| campo de control | DLC |
| 005 - FECHA Y HORA DE LA ÚLTIMA TRANSACCIÓN | |
| campo de control | 20260227093752.0 |
| 008 - ELEMENTOS DE LONGITUD FIJA--INFORMACIÓN GENERAL | |
| campo de control de longitud fija | 991125c1991 mx fr p r 000 0 spa d |
| 035 ## - NÚMERO DE CONTROL DEL SISTEMA | |
| Número de control de sistema | UPN01000059281 |
| 040 ## - FUENTE DE LA CATALOGACIÓN | |
| Centro catalogador/agencia de origen | MX-MxUPN |
| Lengua de catalogación | spa |
| Centro/agencia transcriptor | MX-MxUPN |
| Normas de descripción | aacr2 |
| 245 10 - MENCIÓN DE TÍTULO | |
| Título | Abrir la esecuela |
| 260 ## - PUBLICACIÓN, DISTRIBUCIÓN, ETC. | |
| Lugar de publicación, distribución, etc. | Querétaro, Querétaro, México : |
| Nombre del editor, distribuidor, etc. | Universidad Pedagógica Nacional. Unidad 22, |
| Fecha de publicación, distribución, etc. | 1991- |
| 310 ## - FRECUENCIA ACTUAL DE LA PUBLICACION | |
| Periodicidad actual | Semestral |
| 650 #4 - ASIENTO SECUNDARIO DE MATERIA - TERMINO TEMATICO | |
| Término de materia o nombre geográfico como elemento de entrada | Educación |
| 9 (RLIN) | 682 |
| 902 ## - ELEMENTOS DE DATOS B LOCAL, LDB (RLIN) | |
| Creó | Gloria Jiménez/270226 |
| 904 ## - ELEMENTOS DE DATOS D LOCAL, LDD (RLIN) | |
| a | AC |
| b | 000013 |
| 905 ## - TIPO DE MATERIAL | |
| Tipo de material | Revista |
| 942 ## - ELEMENTOS DE PUNTO DE ACCESO ADICIONAL (KOHA) | |
| Tipo de ítem Koha | Revista Impresa |
| Estado de retiro | Estado de pérdida | Fuente del sistema de clasificación o colocación | Estado dañado | No para préstamo | Código de colección | Localización permanente | Ubicación/localización actual | Ubicación en estantería | Enumeración/cronología de publicación seriada | Total de préstamos | Código de barras | Fecha visto por última vez | Número de copia | Tipo de ítem Koha |
|---|---|---|---|---|---|---|---|---|---|---|---|---|---|---|
| Library of Congress Classification | Disponible (Préstamo en sala) | Revistas | Bib. Gregorio Torres Quintero | Bib. Gregorio Torres Quintero | Hemeroteca Sótano | Año 1, no. 0 (1991-92 otoño-invierno) | 5928130 | 31/12/2020 | 1 | Revista Impresa | ||||
| Library of Congress Classification | Disponible (Préstamo en sala) | Revistas | Bib. Gregorio Torres Quintero | Bib. Gregorio Torres Quintero | Hemeroteca Sótano | Año 1, no. 1 (1993 primavera-verano) | 5928110 | 31/12/2020 | 1 | Revista Impresa | ||||
| Library of Congress Classification | Disponible (Préstamo en sala) | Revistas | Bib. Gregorio Torres Quintero | Bib. Gregorio Torres Quintero | Hemeroteca Sótano | Año 1, no. 0 (1991-92 otoño-invierno) | 5928120 | 31/12/2020 | 1 | Revista Impresa |
